|
|
|
|
| LEADER |
00000nam a2200000 i 4500 |
| 001 |
1/61977 |
| 008 |
960531s1993 fre d |
| 020 |
|
|
|a 2-87880-068-0 (pbk.)
|
| 035 |
|
|
|l 10028991
|
| 040 |
|
|
|a GR-MY-UA
|b gre
|e aacr
|
| 041 |
0 |
|
|a fre
|
| 082 |
0 |
|
|a 658.3125
|
| 100 |
1 |
|
|a Caspar, Pierre.
|
| 245 |
1 |
0 |
|a Apprecier et valoriser les hommes :
|b reflexions et pratigues /
|c Pierre Caspar, Jean-Guy Millet
|
| 250 |
|
|
|a 2e ed.
|
| 260 |
|
|
|a Paris :
|b EL,
|c c1993
|
| 300 |
|
|
|a 290 σ.
|
| 504 |
|
|
|a Περιλαμβάνει βιβλιογραφία
|
| 650 |
0 |
0 |
|a Personnel management.
|
| 650 |
0 |
0 |
|a Evaluation.
|
| 700 |
1 |
|
|a Millet, Jean-Guy.
|
| 852 |
|
|
|a INST
|b CHIOS
|e 19960531
|h 658.3125 CAS
|p 005200001508
|q 005200001508
|t BK
|y 0
|
| 909 |
|
|
|a Χ
|b 041990
|